Normal view
MARC view
- Navas, K
Entry Personal Name
001 - CONTROL NUMBER
- control field: 6769
003 - CONTROL NUMBER IDENTIFIER
- control field: OSt
005 - DATE AND TIME OF LATEST TRANSACTION
- control field: 20250104152917.0
008 - FIXED-LENGTH DATA ELEMENTS
- fixed length control field: 250104|| aca||aabn | a|a d
040 ## - CATALOGING SOURCE
- Original cataloging agency: OSt
- Transcribing agency: OSt
100 ## - HEADING--PERSONAL NAME
- Personal name: Navas, K
670 ## - SOURCE DATA FOUND
- Source citation: Work cat.: (OSt)13055: Navas, K ., Electronics Lab manual, Vol. 1 / , 2008.
